<?xml version="1.0" encoding="UTF-8"?>
<collection xmlns:xsi="http://www.w3.org/2001/XMLSchema-instance" xsi:schemaLocation="http://www.loc.gov/MARC21/slim http://www.loc.gov/standards/marcxml/schema/MARC21slim.xsd" xmlns="http://www.loc.gov/MARC21/slim">
 <record>
  <leader>00000cam a22000003i 4500</leader>
  <controlfield tag="001">UP-1685594773862485924</controlfield>
  <controlfield tag="003">Buklod</controlfield>
  <controlfield tag="005">20230916140058.0</controlfield>
  <controlfield tag="006">m     |  |        </controlfield>
  <controlfield tag="007">ta</controlfield>
  <controlfield tag="008">230718s2004    nyua    rb   |001 0|eng  </controlfield>
  <datafield tag="020" ind1=" " ind2=" ">
   <subfield code="a">0415934419 (pbk.  : alk. paper)</subfield>
  </datafield>
  <datafield tag="035" ind1=" " ind2=" ">
   <subfield code="a">(iLib)UPBAG-00047156141</subfield>
  </datafield>
  <datafield tag="037" ind1=" " ind2=" ">
   <subfield code="a">BG-17741</subfield>
   <subfield code="b">Gift</subfield>
  </datafield>
  <datafield tag="040" ind1=" " ind2=" ">
   <subfield code="a">DLC</subfield>
   <subfield code="d">BAG</subfield>
   <subfield code="e">rda</subfield>
  </datafield>
  <datafield tag="041" ind1="0" ind2=" ">
   <subfield code="a">eng</subfield>
  </datafield>
  <datafield tag="090" ind1=" " ind2="0">
   <subfield code="a">HF 1713</subfield>
   <subfield code="b">G56 2004</subfield>
  </datafield>
  <datafield tag="245" ind1="0" ind2="0">
   <subfield code="a">Global tensions</subfield>
   <subfield code="b">challenges and opportunities in the world economy</subfield>
   <subfield code="c">edited by Lourdes Beneria and Savitri Bisnath.</subfield>
  </datafield>
  <datafield tag="264" ind1=" " ind2="1">
   <subfield code="a">New York, NY</subfield>
   <subfield code="b">Routledge</subfield>
   <subfield code="c">2004.</subfield>
  </datafield>
  <datafield tag="300" ind1=" " ind2=" ">
   <subfield code="a">vii, 336 pages</subfield>
   <subfield code="b">illustrations</subfield>
   <subfield code="c">23 cm</subfield>
  </datafield>
  <datafield tag="336" ind1=" " ind2=" ">
   <subfield code="a">text</subfield>
   <subfield code="2">rdacontent</subfield>
  </datafield>
  <datafield tag="337" ind1=" " ind2=" ">
   <subfield code="a">unmediated</subfield>
   <subfield code="2">rdamedia</subfield>
  </datafield>
  <datafield tag="338" ind1=" " ind2=" ">
   <subfield code="a">volume</subfield>
   <subfield code="2">rdacarrier</subfield>
  </datafield>
  <datafield tag="504" ind1=" " ind2=" ">
   <subfield code="a">Includes bibliographical references and index.</subfield>
  </datafield>
  <datafield tag="505" ind1="0" ind2=" ">
   <subfield code="a">Pt. 1. Globalization and global governance. Toward a stark utopia? New constitutionalism and the politics of globalization / Stephen Gill ; Tax distortion in the global economy / Howard M. Wachtel ; Human rights and corporate profits: the UN Global Compact - part of the solution or part of the problem? / Diane Elson ; Cross-border externalities and international public goods: implications for aid agencies / Ravi Kanbur. -- Pt. 2. North-South tensions. Financial-sector liberalization and the Asian financial crisis: the IFIs got it wrong twice / Iwan J. Azis ; Developing countries and the new financial architecture / Stephany Griffith-Jones ; Globalization: eight crises of social protection / Guy Standing. -- Pt. 3. The politics of international trade. Biotechnology and food security: profiting on insecurity? / Philip McMichael ; The WTO, GATS, and TPRM: servicing liberalization and eroding equity goals? / Savitri Bisnath ; Labor standards, women's rights, basic needs: challenges to collective action in a globalizing world / Naila Kabeer ; Contesting global trade rules: social movements and the World Trade Organization / Marc Williams. -- Pt. 4. Gender, globalization, and development. Utilizing interdisciplinarity to analyze global socio-economic change: a tribute to Ester Boserup / Irene Tinker ; Development and productive deprivation: male patriarchal relations in business families and their implications for women in South India / Barbara Harriss-White ; Promoting women's capabilities / Martha Nussbaum. -- Pt. 5. Urban and global linkages. The global city: strategic site/new frontier / Saskia Sassen ; Urban tensions: globalization, economic restructuring, and the postmetropolitan transition / Edward W. Soja ; Urban transport and tensions in developing countries / Eduardo Alcântara De Vasconcellos.</subfield>
  </datafield>
  <datafield tag="650" ind1=" " ind2="0">
   <subfield code="a">Free trade.</subfield>
  </datafield>
  <datafield tag="650" ind1=" " ind2="0">
   <subfield code="a">Foreign trade and employment.</subfield>
  </datafield>
  <datafield tag="650" ind1=" " ind2="0">
   <subfield code="a">Globalization</subfield>
   <subfield code="x">Economic aspects.</subfield>
  </datafield>
  <datafield tag="650" ind1=" " ind2="0">
   <subfield code="a">Globalization</subfield>
   <subfield code="x">Social aspects.</subfield>
  </datafield>
  <datafield tag="650" ind1=" " ind2="0">
   <subfield code="a">Anti-globalization movement.</subfield>
  </datafield>
  <datafield tag="650" ind1=" " ind2="0">
   <subfield code="a">International economic relations.</subfield>
  </datafield>
  <datafield tag="700" ind1="1" ind2=" ">
   <subfield code="a">Benería, Lourdes</subfield>
   <subfield code="e">editor.</subfield>
  </datafield>
  <datafield tag="700" ind1="1" ind2=" ">
   <subfield code="a">Bisnath, Savitri</subfield>
   <subfield code="d">1965-</subfield>
   <subfield code="e">editor.</subfield>
  </datafield>
  <datafield tag="905" ind1=" " ind2=" ">
   <subfield code="a">FO</subfield>
  </datafield>
  <datafield tag="852" ind1="0" ind2=" ">
   <subfield code="a">UPBAG</subfield>
   <subfield code="b">UPBAG-MAIN</subfield>
   <subfield code="h">HF 1713 G56 2004</subfield>
  </datafield>
  <datafield tag="942" ind1=" " ind2=" ">
   <subfield code="a">Book</subfield>
  </datafield>
 </record>
</collection>
